banner-ar

ارض الضياع / (Record no. 60995)

MARC details
000 -الفاتح
حقل البيانات ثابتة الطول 00949nam a22002417a 4500
005 - وقت وتاريخ اخر تعامل مع التسجيلة
رقم الضبط 20240530110438.0
008 - عناصر البيانات ثابتة الطول - معلومات عامة
حقل البيانات ثابتة الطول 150415s2011 ua g 000 p ara d
017 ## - رقم الايداع القانونى
رقم الايداع القانونى 2011/4541
المصدر ( الهيئة المختصة) مصر . دار الكتب المصرية
020 ## - الرقم الدولى المعيارى للكتب
الرقم الدولى المعيارى للكتاب 9789774217983
040 ## - مصدر الفهرسة
وكالة الفهرسة الأصلية EG-CaGPL
082 04 - رقم تصنيف ديوى العشرى
رقم الطبعة 21
رقم التصنيف 821.6\
رقم المادة إ أ
100 1# - المدخل الرئيسى - إسم شخصى
الإسم الشخصى اليوت ، ت. س.
الشكل الأكمل للاسم ت. س. اليوت
245 10 - بيان العنوان
العنوان ارض الضياع /
بيان المسئوليه,etc شعر ت. س. اليوت ؛ ترجمة ودراسة نبيل راغب
260 ## - PUBLICATION, DISTRIBUTION, ETC. (IMPRINT)
تاريخ النشر أو التوزيع 2011 .
300 ## - الوصف المادى
التعداد 167 ص ؛
أبعاد الوعاء 24 سم
490 0# - بيان السلسلة
عنوان السلسلة المشروع القومى للترجمة ؛
رقم المجلد/ التعيين التسلسلي 1808
600 04 - المدخل الاضافى بالموضوع-اسم شخصى
الإسم الشخصى ت. س. اليوت
التقسيم الفرعي الشكلي تراجم
650 04 - المدخل الاضافى بالموضوع-مصطلح موضوعى
مصطلح موضوعي الشعر الامريكى
650 04 - المدخل الاضافى بالموضوع-مصطلح موضوعى
مصطلح موضوعي الشعر الامريكى
التقسيم الفرعي العام تاريخ
التقسيم الفرعي الزمني العصر الحديث
700 0# - المدخل الاضافى - اسم شخصى
الإسم الشخصى نبيل راغب
الدور مترجم
942 ## - عناصر المدخل الإضافي( كوها)
مصدر التصنيف او مخطط الترفيف Dewey Decimal Classification
Koha [default] item type كتاب
260 ## - PUBLICATION, DISTRIBUTION, ETC. (IMPRINT)
-- القاهرة :
-- المركز القومى للترجمة ،
Holdings
حالة التراجع حالة الفقد حالة تلف ليس للاعارة المكان المؤقت الموقع الحالى تاريخ الاكتساب اجمالي اﻻعارات رقم الطلب الباركود تاريخ اخر مشاهدة تاريخ تفعيل السعر نوع وعاء كوها
        مكتبة القاهرة الكبرى مكتبة القاهرة الكبرى 04/15/2015   821.6\ إ أ 160191 04/15/2015 04/15/2015 كتاب

Powered By

EGPV